Fundamentals of computing and programming / (Record no. 145032)

MARC details
000 -LEADER
fixed length control field 00595nam a22001817a 4500
010 ## - LCCN (DPL NO)
LC control number ENG-120425
020 ## - INTERNATIONAL STANDARD BOOK NUMBER
Terms of availability 370.00
International Standard Book Number 9789382459040
035 ## - SYSTEM CONTROL NUMBER
System control number EN-103957
037 ## - SOURCE OF ACQUISITION
Source of stock number/acquisition DBAD/PUB
082 ## - DEWEY DECIMAL CLASSIFICATION NUMBER
Classification number 004
100 ## - MAIN ENTRY--PERSONAL NAME
Personal name Vijayabharathi,Meena
245 ## - TITLE STATEMENT
Title Fundamentals of computing and programming /
Statement of responsibility, etc by Meena Vijayabharathi
260 ## - PUBLICATION, DISTRIBUTION, ETC. (IMPRINT)
Place of publication, distribution, etc Nagercoil
Name of publisher, distributor, etc Saras Publication
Date of publication, distribution, etc 2013
270 ## - ADDRESS
Address 114/35G A.R.P .camp Road,Periavilai, Kottar,
City Nagercoil (Distt.Kanyakumari)
Postal code 629002
300 ## - PHYSICAL DESCRIPTION
Extent xvi,738p.
Dimensions 24cm(pbk)
Other physical details ill.
500 ## - GENERAL NOTE
General note Includes index
942 ## - ADDED ENTRY ELEMENTS (KOHA)
Source of classification or shelving scheme Dewey Decimal Classification
Item type English Books
Classification part 004
Call number suffix VIJ
Holdings
Withdrawn status Lost status Not for loan Collection code Home library Current library Date acquired Source of acquisition Cost, normal purchase price Full call number Barcode Copy number Cost, replacement price Koha item type
    Not For Loan Non-fiction D.B.Act.Division Bawana 20/09/2017 DBAD/PUB 370.00 004 VIJ EN-103957 1 370.00 English Books

© Delhi Public Library
Hit Counter
free hit counter